00349 a2200121 450000500170000002000160001710000180003324500710005125000120012226000310013430000460016570000160021120250610163958.0 a07 084399 1 aSPIEGEL, M. R aSchaum's Outiline of Theory and Problems of Statistics in SI Units a1st Ed. aLondonbMc Graw Hillc1972 avii, 359p.: ill; Chat, TablebIndexc27cm aBOXER, R. W